Pennymarkt auf der Reeperbahn Quiz - Statistiken

Allgemein
  • Dieses Quiz wurde 221 mal gespielt
  • Das Durchschnittsergebnis liegt bei 6 aus 11
Antwortstatistiken
Hint Antwort % Korrekt
Der Käpten hat die Patente 1,2,3 und ? 6
88%
Wann erschien die Doku? 2007
86%
An welchem Tag hat der Markt gesondert geöffnet Sonntag
76%
Name des Käpten zur See Harald Krull
67%
Was kauft der Mann, der aus einer Matheaufgabe stammen könnte? Kohl
67%
Vorname von Herrn Bahner,Bähner oder Belnau? Ferdinand
56%
Zitat: Das ist mein lieblings Wein mit der spanischen ---- Tänzerin Torero
51%
Welche Suppe wird auch gerne kalt von den Besuchern gegessen? Gulasch Suppe
43%
Der Name des Security Manns Schenzilas
36%
Was steht auf seiner Krawatte Security
33%
Zitat: Ich kein ------- Zapp zarapp
22%
Keine übereinstimmenden Quizze gefunden
Verteilung der Resultate
Anzahl Personen mit jedem Resultat
Perzentil nach korrekt beantworteten Fragen
Ihre Resultats-Entwicklung
Sie haben dieses Quiz noch nicht gespielt